| 000 | 00588nam a22001817a 4500 | ||
|---|---|---|---|
| 999 |
_c168839 _d168839 |
||
| 005 | 20191029143402.0 | ||
| 010 | _aENG-126724 | ||
| 020 |
_a9789387989016 _c150.00 |
||
| 035 | _aEN-110256 | ||
| 037 | _bDBAD/PUB | ||
| 082 | _a808.883 | ||
| 100 | _aGadgil, Gangadhar | ||
| 245 |
_aA float in the Atlantic / _cby Gangadhar Gadgil |
||
| 260 |
_aNew Delhi _bSahitya Akadmi _c2018 |
||
| 270 |
_aRabindra Bhavan _b 35, Ferozshah Road,New Delhi _e110001 _k011-23386626/27/28 _msecretary@sahitya.akademi.gov.in |
||
| 300 |
_a169p. _c22cm(pbk) |
||
| 942 |
_2ddc _cEN _h808.883 _mGAD |
||